000 00369 a2200169 4500
001 170687
020 _a85-7319-099-X
040 _cMagnum
100 _aAlvarenga, Terezinha
240 1 0 _aBarulho ecológico
_lpor
245 1 0 _aBarulho ecológico
300 _a24
362 0 _a1995
440 1 _aDimensão
697 _aLITERATURA INFANTO-JUVENIL
942 _cBK
999 _c170687
_d170687